000 00556nam a2200181Ia 4500
008 100917s9999 xx 000 0 und d
082 _b30924
100 _aअष्टीकर मंदाकिनी
245 _aही आस मीलनाची
260 _bहेमचंद्र प्रकाशन
_c1977
300 _a134
365 _b12
520 _aकादंबरी
630 _aही आस मीलनाची
650 _aकादंबरी
730 _aही आस मीलनाची
942 _cBOOK
999 _c636318
_d636315